000 00558nam a2200157Ia 4500
005 20250227171831.0
008 231217s9999 xx 000 0 und d
020 _a997151415X
082 _a005.7 KIM1;9
100 _aKimball, Ralph. Reeves, Laura. Ross, Margy [et al.]
245 0 _aData warehouse lifecycle toolkit : expert methods for designing, developing, and deploying data warehouses
260 _c2005
_bIcfai
_aHyderabad
300 _axix, 771
650 _awarehouse,lifecycle,toolkit,designing,,developing,,deploying,warehouses
942 _cAA
999 _c190248
_d190248